000
00281nam a2200121Ia 4500
008
240624s9999 xx 000 0 und d
041
_a
eng
082
_a
658 HBR
100
_a
HBR
245
_a
HBR S 10 MUST READS 2015 THE DEFINITIVE
260
_c
2015
_a
Boston
_b
HBR
365
_c
RS
999
_c
27134
_d
27134